01327nam a2200241 a 450000100100000000500170001000800410002702000180006804000250008610000320011124501290014325000110027226000390028330000210032250000760034350000730041995201200049295201200061295201200073295201050085295201110095799900170106800003954620201002031710.0130708s2013 dr 000 0 spa d a9789945864878 aDO-SdBNPbspacBNPHU1 aJorge Prats, Eduardo91774710aComentarios a la ley orgánica del tribunal constitucional y de los procedimientos constitucionales /cEduardo Jorge Prats. a2a ed. aSanto Domingo :bLus Novum,c2013. a255 p. ;c26 cm. aIncluye datos biográficos del autor en la solapa de la contracubierta aIncluye notas y referencias bibliográficas al pie de las páginas 001054708DSaGRbGRcHDd2013-07-08iLF1l0o p39546-30r2020-06-25te. 3w2020-06-25yLFDSZPréstamo en sala 001054708DSaGRbGRcHDd2013-11-12iLF1l0o p39546-40r2020-06-25te. 4w2020-06-25yLFDSZPréstamo en sala 001054708DSaGRbGRcHDd2013-11-12iLF1l0o p39546-50r2020-06-25te. 5w2020-06-25yLFDSZPréstamo en sala 0010718PDaPDbPDcHDd2013-07-08iLF1l0o p39546-10r2020-06-25w2020-06-25yLFPDZNo se presta 0010718PDaPDbPDcHDd2013-07-08iLF1l0o p39546-20r2020-06-25te. 2w2020-06-25yLFPDZNo se presta c39036d39036